Introducción a la estadística matemática (Registro nro. 1293)

Detalles MARC
000 -LEADER
fixed length control field 01679 a2200217 4500
001 - CONTROL NUMBER
control field 25182
005 - DATE AND TIME OF LATEST TRANSACTION
control field 20260407155535.0
008 - FIXED-LENGTH DATA ELEMENTS--GENERAL INFORMATION
fixed length control field 260407a1954 arg spa d
003 - CONTROL NUMBER IDENTIFIER
control field AR-UNSa-BCEJYS
040 ## - CATALOGING SOURCE
Original cataloging agency AR-UNSa-BCEJYS
Language of cataloging spa
Transcribing agency AR-UNSa-BCEJYS
080 ## - UNIVERSAL DECIMAL CLASSIFICATION NUMBER
Universal Decimal Classification number 519.2
Common auxiliary subdivision Probabilidades y estadística matemática<br/>
100 1# - MAIN ENTRY--PERSONAL NAME
Personal name Yule, G. Undy
245 10 - TITLE STATEMENT
Title Introducción a la estadística matemática
264 #1 - PRODUCTION, PUBLICATION, DISTRIBUTION, MANUFACTURE, AND COPYRIGHT NOTICE
Place of production, publication, distribution, manufacture Madrid :
Name of producer, publisher, distributor, manufacturer Aguilar
Date of production, publication, distribution, manufacture, or copyright notice 1954
300 ## - PHYSICAL DESCRIPTION
Extent 740 p.
Dimensions 21 cm.
505 ## - FORMATTED CONTENTS NOTE
Formatted contents note 1. Introducción - 2. Asociación de atributos - 3. Clasificación multiple - 4. Distribuciones de frecuencia - 5. Promedios o medidas de posición - 6. Medidas de dispersion - 7. Momentos y medidas de asimetria y curtosis - 8. Tres distribuciones teoricas importantes : La binomial, la normal y la de poisson - 9. Correlación y regresión - 10. Correlación normal - 11. Mas sobre teoria de la correlación - 12. Correlación parcial - 13. Correlación y regresión - 14. Diversos teoremas que implican el uso del coeficiente de correlación - 15. Ajustamiento elemental de curvas - 16. Nociones preeliminares sobre teoria de las muetras - 17. Selección de atributos (muestras grandes)- 18. Selección de variables (muestras grandes)- 19. Selección de variables (muestra grande- continuación)- 20. La distribución - 21. Selección de variables(muestra pequeña)- 22. Análisis de la varianza - 23. Algunos problemas del muestreo practico - 24. Interpolación y precuación - 25. Números indice - 26. Series cronológicas - 27. Series cronológicas (continuación)
590 ## - LOCAL NOTE (RLIN)
Local note niveau_biblio:m niveau_hierar:0
700 1# - ADDED ENTRY--PERSONAL NAME
Personal name Kendall, M.G.
700 1# - ADDED ENTRY--PERSONAL NAME
Personal name Ros Jimeno, Jose
942 ## - ADDED ENTRY ELEMENTS (KOHA)
Koha item type
Existencias
Withdrawn status Lost status Damaged status Not for loan Home library Current library Shelving location Date acquired Total checkouts Full call number Barcode Date last seen Price effective from Koha item type
        Biblioteca Prof. Eusebio Cleto del Rey Biblioteca Prof. Eusebio Cleto del Rey   07/04/2026   519.2 Y95 L21499 07/04/2026 07/04/2026 Libro
        Biblioteca Prof. Eusebio Cleto del Rey Biblioteca Prof. Eusebio Cleto del Rey   07/04/2026   519.2 Y95 L20647 07/04/2026 07/04/2026 Libro
        Biblioteca Prof. Eusebio Cleto del Rey Biblioteca Prof. Eusebio Cleto del Rey   07/04/2026   519.2 Y95 L20648 07/04/2026 07/04/2026 Libro